<The> Business Model of Start-Up-Structure and Consequences
Poskytnutie prehľadu o štruktúre obchodného modelu začínajúcich podnikov a prehĺbenie daných vedomostí. Opis jednotlivých blokov a zistenie miery rozvoja start-upov. Vymedzenie vzťahu medzi stupňom rozvoja obchodného modelu a jeho výkonnosťou. Preukázanie efektivity konverzie start-upových ukazovate...
Enregistré dans:
| Auteur principal: | |
|---|---|
| Format: | Chapitre de livre |
| Langue: | anglais |
| Sujets: | |
| Tags: |
Pas de tags, Soyez le premier à ajouter un tag!
|
MARC
| LEADER | 00000naa a2200000 4500 | ||
|---|---|---|---|
| 001 | 0261713 | ||
| 005 | 20250904104845.1 | ||
| 041 | 0 | |a eng | |
| 044 | |a CH | ||
| 245 | 1 | 0 | |a <The> Business Model of Start-Up-Structure and Consequences |c Štefan Slávik |
| 520 | |a Poskytnutie prehľadu o štruktúre obchodného modelu začínajúcich podnikov a prehĺbenie daných vedomostí. Opis jednotlivých blokov a zistenie miery rozvoja start-upov. Vymedzenie vzťahu medzi stupňom rozvoja obchodného modelu a jeho výkonnosťou. Preukázanie efektivity konverzie start-upových ukazovateľov výkonnosti. | ||
| 610 | 2 | 0 | |a start-up |
| 610 | 2 | 0 | |a modely |
| 610 | 2 | 0 | |a podnikanie |
| 610 | 2 | 0 | |a výkonnosť podniku |
| 610 | 2 | 0 | |a štruktúra podniku organizačná |
| 610 | 2 | 0 | |a prieskum |
| 100 | 1 | |a Slávik, Štefan, 1955- | |